El problema triguero en España / (Record no. 108716)

MARC details
000 -LEADER
campo de control de longitud fija 00835nam a2200241 4500
001 - NÚMERO DE CONTROL
campo de control 108716
003 - IDENTIFICADOR DE NÚMERO DE CONTROL
campo de control ES-MaACL
005 - FECHA Y HORA DE LA ÚLTIMA TRANSACCIÓN
campo de control 20230906184708.0
007 - CAMPO FIJO DE DESCRIPCIÓN FÍSICA--INFORMACIÓN GENERAL
campo de control de longitud fija t|
008 - DATOS DE LONGITUD FIJA--INFORMACIÓN GENERAL
campo de control de longitud fija 061121s1946 sp r ||||1| spa d
100 1# - ENTRADA PRINCIPAL--NOMBRE DE PERSONA
Nombre de persona Montojo, Jorge.
9 (RLIN) 82668
245 13 - MENCIÓN DEL TÍTULO
Título El problema triguero en España /
Mención de responsabilidad, etc. por Jorge Montojo.
260 ## - PUBLICACIÓN, DISTRIBUCIÓN, ETC.
Lugar de publicación, distribución, etc. Madrid :
Nombre del editor, distribuidor, etc. Escuela Social de Madrid,
Fecha de publicación, distribución, etc. 1946 (
Fabricante F. Domenech)
300 ## - DESCRIPCIÓN FÍSICA
Extensión 35 p. ;
Dimensiones 22 cm.
490 1# - MENCIÓN DE SERIE
Mención de serie Cuadernos del Congreso de Estudios Sociales. Sección 10ª
650 #4 - PUNTO DE ACCESO ADICIONAL DE MATERIA--TÉRMINO DE MATERIA
Término de materia o nombre geográfico como elemento de entrada Trigo-
Subdivisión geográfica España.
9 (RLIN) 155449
710 2# - ENTRADA AGREGADA--NOMBRE DE ENTIDAD CORPORATIVA
Nombre de entidad corporativa o nombre de jurisdicción como elemento de entrada Escuela Social de Madrid.
9 (RLIN) 3593
711 2# - ENTRADA AGREGADA--NOMBRE DE REUNIÓN
Nombre de congreso/reunión o jurisdicción como elemento de entrada Congreso de Estudios Sociales (
Fecha del congreso o de la firma del tratado 1945.
Sede del congreso/Lugar de la reunión Madrid)
9 (RLIN) 173563
830 1# - PUNTO DE ACCESO ADICIONAL DE SERIE-TÍTULO UNIFORME
Título uniforme Cuadernos del Congreso de Estudios Sociales. Sección 10ª
9 (RLIN) 232953
852 ## - LOCALIZACIÓN
Ubicación ES-MaACL
Número de control de estantería 1864-F-25
852 4# - LOCALIZACIÓN
Ubicación ES-MaACL
Número de control de estantería 1870-F-6
Holdings
Estatus retirado Estado de pérdida Estado de daño No para préstamo Colección Biblioteca de origen Biblioteca actual Ubicación en estantería Fecha de adquisición Fuente de adquisición Total de préstamos Signatura topográfica completa Código de barras Visto por última vez Precio de reemplazo Tipo de ítem Koha
        Colección de folletos Biblioteca del Ateneo de Madrid Biblioteca del Ateneo de Madrid Depósito folletos 28/08/2021     1870-F-6 1202669 23/02/2023 23/02/2023 Folleto
        Colección de folletos Biblioteca del Ateneo de Madrid Biblioteca del Ateneo de Madrid Depósito folletos 17/01/2008     1864-F-25 1113441 23/02/2023 23/02/2023 Folleto